000
00213 a2200097 4500
001
49654
100
_a
Russel
245
_a
Seapical Essays
260
_a
London
_b
George Alen & Unwin Ltd
_c
090
_c
32167
_d
32167
942
_a
NUST-CAE
_c
M
_c
24633
999
_c
284727
_d
284727